| 000 | 00455nam a2200181Ia 4500 | ||
|---|---|---|---|
| 003 | LK-CoDNM | ||
| 008 | 010623t1925 xxu||||| |||| 00| 1 eng d | ||
| 040 |
_aLK-CoDNM _dLK-CoDNM _eLK-CoDNM |
||
| 041 | _aeng | ||
| 080 |
_a50 _bD6 |
||
| 245 | _aA Geography of Ceylon | ||
| 260 |
_bChristian Literature Society _aColombo _c1925 |
||
| 300 | _b96p,7ill,10maps., 17 cm | ||
| 650 | _aProvinces | ||
| 650 | _aRailway Stations | ||
| 650 | _aTowns | ||
| 942 | _cBK | ||
| 999 |
_c92619 _d92619 |
||